000 00410nam a2200157Ia 4500
008 151213s9999 xx 000 0 und d
100 _aM.Y. Khan , & P. K. Jain
245 _aFinancial Management
_cM.Y. Khan , & P. K. Jain
250 _a4th
260 _aNew Delhi
_bMc Grow Hill
_c2005
300 _a4270 p.
650 _aFinance
650 _aFinance
700 _aM.Y. Khan , & P. K. Jain
999 _c2693
_d2693